From the industrial society to the information society crises of transition in society, politics and culture
Enregistré dans:
| Auteur principal: | |
|---|---|
| Autres auteurs: | |
| Format: | Livre |
| Langue: | anglais |
| Publié: |
Berlin
Internationales Institut für Vergleichende Gesellschaftsforschung
1981
|
| Tags: |
Pas de tags, Soyez le premier à ajouter un tag!
|
MARC
| LEADER | 00000nam a2200000 4500 | ||
|---|---|---|---|
| 001 | c114399 | ||
| 005 | 20211026094021.7 | ||
| 041 | 0 | |a eng | |
| 044 | |a DE | ||
| 245 | 1 | 0 | |a From the industrial society to the information society |b crises of transition in society, politics and culture |c Karl W. Deutsch, Philipp Sonntag |
| 264 | 1 | |a Berlin |b Internationales Institut für Vergleichende Gesellschaftsforschung |c 1981 | |
| 300 | |a 21 s. | ||
| 100 | 1 | |a Deutsch, Karl W. | |
| 700 | 1 | |a Sonntag, Philipp | |